Elecciones: ¿podrán votar todos? /

保存先:
書誌詳細
第一著者: Serrano, Omar
フォーマット: テキスト
主題:
タグ: タグ追加
タグなし, このレコードへの初めてのタグを付けませんか!

MARC

LEADER 00000 a a2200000 04500
001 7059
003
040
100 |a Serrano, Omar  
245 |a Elecciones:   |b ¿podrán votar todos? /  |c Omar Serrano 
650 |a ELECCIONES  
650 |a DEMOCRACIA  
650 |a VOTACION  
650 |a POLITICA  
650 |a REGISTRO CIVIL  
650 |a SISTEMAS ELECTORALES  
650 |a ONU  
650 |a FUERZAS ARMADAS  
650 |a PARTIDOS POLITICOS  
773 |g volumen 12, número 141; páginas 25-30  
999 |c 31943  |d 31943